| 000 | 00943pam a2200289 a 4500 | ||
|---|---|---|---|
| 001 | 016176762 | ||
| 003 | OSt | ||
| 005 | 20201128021104.0 | ||
| 008 | 120920t2014 at ad frb 001 0 eng d | ||
| 020 | _a9781285058634 (pbk.) | ||
| 020 | _a1285058631 (pbk.) | ||
| 040 |
_aStDuBDS _beng _cStDuBDS _dUk _dEG-ScBUE |
||
| 082 | 0 | 0 |
_a300.72 _222 _bDON |
| 100 | 1 |
_aDonovan, Todd _936175 |
|
| 245 | 1 | 4 |
_aThe Elements of social scientific thinking / _cTodd Donovan, Kenneth Hoover. |
| 250 |
_a11th ed., _binternational ed. |
||
| 260 |
_a[Canberra] : _bWadsworth Cengage Learning, _cc.2014. |
||
| 300 |
_axii, 187 p. : _bcharts, tables ; _c22 cm. |
||
| 500 | _aIncludes appendixes. | ||
| 500 | _aIndex : p. 178-187. | ||
| 504 | _aBibliography : p. 173-176. | ||
| 650 | 0 |
_aSocial sciences _xMethodology _9784 |
|
| 653 |
_bPPhrm _cOctober2014 |
||
| 655 |
_vtext book _933728 |
||
| 700 | 1 |
_aHoover, Kenneth R., _d1940- _936176 |
|
| 942 |
_2ddc _k300.72 DON |
||
| 999 |
_c18442 _d18414 |
||